[Event "Online Olym Div4 A"]
[Site "Chess.com INT"]
[Date "2020.08.01"]
[Round "4.4"]
[White "Al Mahmood, Salman"]
[Black "Laohawirapap, Prin"]
[Result "0-1"]
[WhiteElo "1700"]
[BlackElo "1913"]
[PlyCount "78"]
[EventDate "2020.07.31"]
[EventType "team-tourn (rapid)"]
[EventRounds "9"]
[EventCountry "USA"]
[SourceTitle "CBM 198"]
[Source "ChessBase"]
[SourceDate "2020.10.31"]
[SourceVersion "1"]
[SourceVersionDate "2020.10.31"]
[SourceQuality "1"]
[WhiteTeam "Bahrain"]
[BlackTeam "Thailand"]
[WhiteTeamCountry "BHN"]
[BlackTeamCountry "THA"]

1. d4 Nf6 2. Nf3 g6 3. e3 Bg7 4. Bd3 c5 5. c3 b6 6. 0-0 0-0 7. Nbd2 Ba6 8. Bxa6 Nxa6 9. Qe2 Nc7 10. e4 d5 11. Rd1 cxd4 12. Nxd4 dxe4 13. Nxe4 Qd5 14. Ng3 Rad8 15. Be3 Qb7 16. a4 Na6 17. a5 Nc5 18. axb6 axb6 19. Qb5 Nd5 20. Nc6 Nxe3 21. fxe3 Rc8 22. Nd4 Rfd8 23. Qe2 h5 24. Nf3 Bf6 25. Nf1 Qe4 26. N1d2 Qc2 27. Rab1 Nb3 28. Nd4 Nxd4 29. exd4 e5 30. dxe5 Bg5 31. e6 Rxd2 32. exf7+ Kg7 33. Qf3 Rf8 34. Rf1 Qd3 35. Qxd3 Rxd3 36. Rbd1 Rxd1 37. Rxd1 Rxf7 38. Rd6 Be3+ 39. Kh1 Rf1# 0-1

[Event "Online Olym Base B"]
[Site "Chess.com INT"]
[Date "2020.07.27"]
[Round "8.1"]
[White "Al Mahmood, Salman"]
[Black "Bongo Ngombele, Tary"]
[Result "1-0"]
[WhiteElo "1700"]
[BlackElo "1688"]
[PlyCount "157"]
[EventDate "2020.07.25"]
[EventType "team-tourn (rapid)"]
[EventRounds "9"]
[EventCountry "USA"]
[SourceTitle "CBM 198"]
[Source "ChessBase"]
[SourceDate "2020.10.31"]
[SourceVersion "1"]
[SourceVersionDate "2020.10.31"]
[SourceQuality "1"]
[WhiteTeam "Bahrain"]
[BlackTeam "Gabun"]
[WhiteTeamCountry "BHN"]
[BlackTeamCountry "GAB"]

1. d4 d5 2. Nf3 Nf6 3. e3 c6 4. Bd3 Nbd7 5. 0-0 e6 6. Nbd2 Bd6 7. Qe2 0-0 8. e4 dxe4 9. Nxe4 Nxe4 10. Bxe4 Nf6 11. Bg5 h6 12. Bh4 Be7 13. Bd3 Qd7 14. c3 Rd8 15. Ne5 Qd6 16. Bg3 Qd5 17. Rfd1 b5 18. c4 bxc4 19. Bxc4 Qe4 20. Qxe4 Nxe4 21. Nxc6 Nxg3 22. Nxe7+ Kf8 23. Nxc8 Raxc8 24. Bxe6 Rc2 25. Bg4 Ne2+ 26. Bxe2 Rxe2 27. b3 Re4 28. d5 Re5 29. d6 Re6 30. d7 Re7 31. Rac1 Rexd7 32. Rxd7 Rxd7 33. Rc8+ Ke7 34. g3 Rd2 35. Rc7+ Rd7 36. Rxd7+ Kxd7 37. Kf1 Kc6 38. Ke2 Kd5 39. Kd3 Kc5 40. Kc3 Kd5 41. a4 f5 42. b4 g5 43. a5 a6 44. f4 gxf4 45. gxf4 h5 46. b5 axb5 47. a6 Kc6 48. a7 Kb7 49. a8Q+ Kxa8 50. Kb4 Kb8 51. Kxb5 Kb7 52. Kc5 Kc7 53. Kd5 Kd7 54. Ke5 Ke7 55. Kxf5 Kf7 56. Kg5 Ke6 57. f5+ Ke5 58. Kg6 Kd6 59. f6 Ke6 60. f7 Ke7 61. Kg7 Ke6 62. f8Q Ke5 63. h4 Ke4 64. Qf6 Ke3 65. Qf5 Kd4 66. Qe6 Kc5 67. Qd7 Kc4 68. Qd6 Kc3 69. Qd5 Kb4 70. Qc6 Kb3 71. Qc5 Kb2 72. Qc4 Kb1 73. Qc3 Ka2 74. Qb4 Ka1 75. Kf6 Ka2 76. Ke5 Ka1 77. Kd4 Ka2 78. Kc3 Ka1 79. Qb2# 1-0

[Event "Arab-ch"]
[Site "Dubai"]
[Date "2018.12.02"]
[Round "6"]
[White "Mohamed, Faisal"]
[Black "Al Mahmood, Salman"]
[Result "1-0"]
[WhiteElo "2157"]
[BlackElo "1639"]
[PlyCount "53"]
[EventDate "2018.11.28"]
[EventType "swiss"]
[EventRounds "9"]
[EventCountry "UAE"]
[SourceTitle "CBM 187 Extra"]
[Source "ChessBase"]
[SourceDate "2018.11.04"]
[SourceVersion "1"]
[SourceVersionDate "2018.11.04"]
[SourceQuality "1"]

1. Nf3 d5 2. e3 Nf6 3. c4 e6 4. b3 c5 5. Bb2 Be7 6. cxd5 exd5 7. Bb5+ Nc6 8. 0-0 0-0 9. d4 a6 10. Bxc6 bxc6 11. Nc3 Bg4 12. dxc5 Bxc5 13. Na4 Be7 14. Rc1 Rc8 15. Nc5 Nd7 16. Qd4 f6 17. Qxg4 Nxc5 18. Nd4 Qb6 19. Nf5 Kf7 20. Qxg7+ Ke6 21. Qxe7+ Kxf5 22. Qxc5 Qb8 23. e4+ Kg6 24. exd5 cxd5 25. Qxd5 Rcd8 26. Qe4+ Kg7 27. Rc3 1-0

[Event "Arab-ch"]
[Site "Dubai"]
[Date "2018.11.29"]
[Round "3"]
[White "Al Mahmood, Salman"]
[Black "El Jawich, Amro"]
[Result "0-1"]
[WhiteElo "1639"]
[BlackElo "2264"]
[PlyCount "85"]
[EventDate "2018.11.28"]
[EventType "swiss"]
[EventRounds "9"]
[EventCountry "UAE"]
[SourceTitle "CBM 187 Extra"]
[Source "ChessBase"]
[SourceDate "2018.11.04"]
[SourceVersion "1"]
[SourceVersionDate "2018.11.04"]
[SourceQuality "1"]

1. e4 c5 2. d4 cxd4 3. c3 dxc3 4. Nxc3 Nc6 5. Nf3 d6 6. Bc4 a6 7. 0-0 Nf6 8. Qe2 Bg4 9. Rd1 e6 10. Bf4 Qb8 11. h3 Bxf3 12. Qxf3 Ne5 13. Qe2 Be7 14. Bb3 0-0 15. a4 Qc7 16. Rac1 Qb6 17. Ba2 Nfd7 18. Be3 Qa5 19. f4 Nc6 20. f5 Qe5 21. Qf3 Kh8 22. Bf4 Qc5+ 23. Kh1 Qb4 24. fxe6 fxe6 25. Qg3 e5 26. Bg5 Bxg5 27. Qxg5 Nf6 28. Rd3 Nxe4 29. Nxe4 Qxe4 30. Bb1 Qf4 31. Qxf4 Rxf4 32. Rxd6 Rxa4 33. Rd7 Rb4 34. Ba2 Rxb2 35. Bd5 a5 36. Bxc6 bxc6 37. Rxc6 a4 38. Rcc7 a3 39. Ra7 Rbb8 40. Rxg7 Rxa7 41. Rxa7 Rb3 42. Kg1 Kg8 43. Kf1 0-1

[Event "Arab Clubs-chT"]
[Site "Sharjah"]
[Date "2018.02.10"]
[Round "6.3"]
[White "Al Mahmood, Salman"]
[Black "Mansour, Sameer"]
[Result "0-1"]
[WhiteElo "1593"]
[BlackElo "2269"]
[PlyCount "80"]
[EventDate "2018.02.06"]
[EventType "team-tourn"]
[EventRounds "9"]
[EventCountry "UAE"]
[SourceTitle "CBM 182 Extra"]
[Source "ChessBase"]
[SourceDate "2018.02.23"]
[SourceVersion "1"]
[SourceVersionDate "2018.02.23"]
[SourceQuality "1"]
[WhiteTeam "Al Bahrain"]
[BlackTeam "Amman"]
[WhiteTeamCountry "BHN"]
[BlackTeamCountry "JOR"]

1. e4 g6 2. d4 Bg7 3. Nc3 d6 4. Be3 a6 5. Qd2 b5 6. a4 b4 7. Nce2 a5 8. Ng3 h5 9. h4 c5 10. c3 cxd4 11. cxd4 Nf6 12. Nf3 0-0 13. Bh6 d5 14. Bxg7 Kxg7 15. e5 Ne4 16. Nxe4 dxe4 17. Ng5 Nc6 18. Bb5 Bb7 19. e6 Qxd4 20. exf7 Qxd2+ 21. Kxd2 Nd4 22. Be8 Rfxe8 23. fxe8Q Rxe8 24. Rad1 Kf6 25. Rhe1 Kf5 26. Kc1 e5 27. Kb1 Ra8 28. Re3 Bc6 29. f3 exf3 30. Nxf3 Nxf3 31. gxf3 Kf4 32. Rde1 Re8 33. b3 Bxf3 34. Kb2 e4 35. Ka1 Rd8 36. Kb1 Rd2 37. Kc1 Rh2 38. Kb1 Rxh4 39. Kc1 Rh2 40. Kb1 g5 0-1

[Event "Arab Clubs-chT"]
[Site "Sharjah"]
[Date "2018.02.06"]
[Round "1.3"]
[White "Mahmoud, Haitham"]
[Black "Al Mahmood, Salman"]
[Result "1-0"]
[WhiteElo "1943"]
[BlackElo "1593"]
[PlyCount "61"]
[EventDate "2018.02.06"]
[EventType "team-tourn"]
[EventRounds "9"]
[EventCountry "UAE"]
[SourceTitle "CBM 182 Extra"]
[Source "ChessBase"]
[SourceDate "2018.02.23"]
[SourceVersion "1"]
[SourceVersionDate "2018.02.23"]
[SourceQuality "1"]
[WhiteTeam "Al Thawrra District 14"]
[BlackTeam "Al Bahrain"]
[WhiteTeamCountry "SUD"]
[BlackTeamCountry "BHN"]

1. d4 Nf6 2. g3 e6 3. Bg2 Be7 4. e4 d6 5. c4 Nbd7 6. Nc3 c5 7. Nf3 cxd4 8. Nxd4 a6 9. 0-0 0-0 10. a4 Qc7 11. Qe2 Ne5 12. b3 Nc6 13. Be3 Rb8 14. Rfd1 Bd7 15. f4 Rfe8 16. g4 Nxd4 17. Bxd4 e5 18. Ba7 Ra8 19. g5 Bg4 20. Qf2 Qa5 21. gxf6 Bxd1 22. Nd5 Qd8 23. fxe7 Qd7 24. Rxd1 b5 25. Bb6 Rac8 26. axb5 axb5 27. c5 Qg4 28. Qf3 Qxf3 29. Bxf3 dxc5 30. Bg4 Rb8 31. Bd7 1-0

[Event "Wch Blitz"]
[Site "Riadh"]
[Date "2017.12.30"]
[Round "12"]
[White "Al Mahmood, Salman"]
[Black "Al Ghamdi, Ahmed M"]
[Result "1/2-1/2"]
[WhiteElo "1593"]
[BlackElo "2159"]
[PlyCount "149"]
[EventDate "2017.12.29"]
[EventType "swiss (blitz)"]
[EventRounds "21"]
[EventCountry "SAU"]
[SourceTitle "CBM 182 Extra"]
[Source "ChessBase"]
[SourceDate "2018.02.23"]
[SourceVersion "1"]
[SourceVersionDate "2018.02.23"]
[SourceQuality "1"]

1. e4 e5 2. d4 exd4 3. Qxd4 Nc6 4. Qe3 b6 5. Nc3 Nf6 6. Bd2 Bc5 7. Qg3 d6 8. Be2 0-0 9. Bh6 Ne8 10. 0-0-0 Qf6 11. Be3 Bxe3+ 12. fxe3 Be6 13. Nf3 Ne5 14. Nxe5 Qxe5 15. Qxe5 dxe5 16. Kb1 c6 17. Rd2 Nf6 18. h3 Rfd8 19. Rhd1 Rxd2 20. Rxd2 Kf8 21. Bf3 Ke7 22. Ne2 Rd8 23. Rxd8 Kxd8 24. Ng3 g6 25. Nf1 Kc7 26. Nd2 Bd7 27. Nc4 Be8 28. Nxe5 b5 29. Ng4 Ng8 30. Kc1 f6 31. Kd2 Kd6 32. Kc3 a5 33. a3 h5 34. Nf2 Ne7 35. Nd3 c5 36. b4 c4 37. Nc5 axb4+ 38. axb4 Bc6 39. Kd2 Ke5 40. Kc3 Nc8 41. Kd2 Nd6 42. Kc3 Bxe4 43. Nxe4 Nxe4+ 44. Kb2 Nd6 45. Bc6 g5 46. Kc3 f5 47. Kd2 Ne4+ 48. Ke2 Nd6 49. Kd2 f4 50. Ke2 g4 51. hxg4 hxg4 52. Bd7 g3 53. Kf3 fxe3 54. Kxe3 Kd5 55. Kf3 Kd4 56. Kxg3 Kc3 57. Kf4 Kxb4 58. g4 Kc3 59. g5 Kd4 60. g6 Ne4 61. g7 Nf6 62. Be6 b4 63. g8Q Nxg8 64. Bxg8 Kc3 65. Bh7 b3 66. cxb3 cxb3 67. Bg6 Kd2 68. Bf5 Kc3 69. Bg6 Kd4 70. Bh7 Kc3 71. Bg6 Kd2 72. Bf5 b2 73. Be4 Kc3 74. Bf5 Kd4 75. Bg6 1/2-1/2

[Event "Wch Blitz"]
[Site "Riadh"]
[Date "2017.12.30"]
[Round "21"]
[White "Al Saffar, Araz Basim Mohammed"]
[Black "Al Mahmood, Salman"]
[Result "1-0"]
[WhiteElo "2368"]
[BlackElo "1593"]
[PlyCount "67"]
[EventDate "2017.12.29"]
[EventType "swiss (blitz)"]
[EventRounds "21"]
[EventCountry "SAU"]
[SourceTitle "CBM 182 Extra"]
[Source "ChessBase"]
[SourceDate "2018.02.23"]
[SourceVersion "1"]
[SourceVersionDate "2018.02.23"]
[SourceQuality "1"]

1. d4 Nf6 2. c4 e6 3. Nc3 Bb4 4. e3 0-0 5. Bd3 b6 6. Nge2 Bb7 7. 0-0 d5 8. a3 Be7 9. cxd5 exd5 10. b4 Nbd7 11. Bb2 Bd6 12. Ng3 Re8 13. Rc1 Rc8 14. Nb5 Bxg3 15. hxg3 a6 16. Na7 Ra8 17. Nc6 Qc8 18. Qc2 Re6 19. Ne5 Nxe5 20. dxe5 Rc6 21. Qb1 Rxc1 22. Rxc1 Ne4 23. Qc2 c5 24. f3 Nxg3 25. Kf2 Nh5 26. Bxh7+ Kf8 27. Bf5 Qd8 28. Rh1 g6 29. Bxg6 fxg6 30. Qxg6 Ng7 31. Rh8+ Ke7 32. Qxg7+ Ke6 33. Rxd8 Rxd8 34. Qxb7 1-0

[Event "Wch Blitz"]
[Site "Riadh"]
[Date "2017.12.30"]
[Round "15"]
[White "Salama, Taher"]
[Black "Al Mahmood, Salman"]
[Result "0-1"]
[WhiteElo "1769"]
[BlackElo "1593"]
[PlyCount "88"]
[EventDate "2017.12.29"]
[EventType "swiss (blitz)"]
[EventRounds "21"]
[EventCountry "SAU"]
[SourceTitle "CBM 182 Extra"]
[Source "ChessBase"]
[SourceDate "2018.02.23"]
[SourceVersion "1"]
[SourceVersionDate "2018.02.23"]
[SourceQuality "1"]

1. d4 Nf6 2. c4 e6 3. Nc3 Bb4 4. e3 0-0 5. Bd3 b6 6. Nf3 Bb7 7. Qc2 Bxc3+ 8. Qxc3 d5 9. b3 Nbd7 10. Qc2 Rc8 11. 0-0 h6 12. Rd1 Ne4 13. Ne5 Nxe5 14. dxe5 Qg5 15. Bb2 Rfd8 16. cxd5 exd5 17. f4 Qh4 18. g3 Qh5 19. Qg2 Nc5 20. Be2 Qf5 21. Bd4 Ne4 22. Bd3 Qg4 23. Rac1 c5 24. Bb2 Qe6 25. Bxe4 dxe4 26. Rd2 Bd5 27. Rcd1 Rd7 28. f5 Qxf5 29. Rxd5 Rcd8 30. Rxd7 Rxd7 31. Rxd7 Qxd7 32. Qe2 Qe6 33. Qc4 Qg4 34. Kf2 Qf3+ 35. Ke1 Qxe3+ 36. Qe2 Qg1+ 37. Kd2 Qb1 38. Ke3 Qxa2 39. Qc2 Qa5 40. Qc3 Qb5 41. Qc4 Qa5 42. Kxe4 Qe1+ 43. Kd5 Qd2+ 44. Kc6 Qd8 0-1

[Event "Wch Blitz"]
[Site "Riadh"]
[Date "2017.12.29"]
[Round "9"]
[White "Al Mahmood, Salman"]
[Black "Shytaj, Luca"]
[Result "0-1"]
[WhiteElo "1593"]
[BlackElo "2459"]
[PlyCount "84"]
[EventDate "2017.12.29"]
[EventType "swiss (blitz)"]
[EventRounds "21"]
[EventCountry "SAU"]
[SourceTitle "CBM 182 Extra"]
[Source "ChessBase"]
[SourceDate "2018.02.23"]
[SourceVersion "1"]
[SourceVersionDate "2018.02.23"]
[SourceQuality "1"]

1. e4 c5 2. Nf3 Nf6 3. d3 d6 4. Be2 g6 5. 0-0 Bg7 6. c3 0-0 7. Be3 Nc6 8. Nbd2 Ng4 9. Qc2 Nxe3 10. fxe3 Bh6 11. Kh1 Bxe3 12. Nc4 Bh6 13. d4 cxd4 14. cxd4 Bg4 15. Qd3 Bg7 16. Ncd2 Rc8 17. Rac1 Qb6 18. Qb3 Bxf3 19. Qxb6 axb6 20. Nxf3 Nxd4 21. Nxd4 Bxd4 22. Bc4 Kg7 23. b3 Be5 24. Bd5 e6 25. Bxb7 Rxc1 26. Rxc1 Rb8 27. Bc6 Bf4 28. Rc2 Be3 29. b4 Kf6 30. b5 Ke5 31. Re2 Bd4 32. Re1 g5 33. Rf1 f6 34. g3 h5 35. Rd1 Rc8 36. Re1 Rc7 37. Rd1 Ra7 38. Rd2 Ra3 39. Rc2 h4 40. gxh4 gxh4 41. Rg2 h3 42. Re2 Rc3 0-1

[Event "Wch Blitz"]
[Site "Riadh"]
[Date "2017.12.29"]
[Round "8"]
[White "Alanazy, Mohammed"]
[Black "Al Mahmood, Salman"]
[Result "0-1"]
[WhiteElo "1850"]
[BlackElo "1593"]
[PlyCount "66"]
[EventDate "2017.12.29"]
[EventType "swiss (blitz)"]
[EventRounds "21"]
[EventCountry "SAU"]
[SourceTitle "CBM 182 Extra"]
[Source "ChessBase"]
[SourceDate "2018.02.23"]
[SourceVersion "1"]
[SourceVersionDate "2018.02.23"]
[SourceQuality "1"]

1. e4 c5 2. f4 d6 3. Nf3 Nf6 4. d4 cxd4 5. e5 dxe5 6. fxe5 Nd5 7. Nxd4 e6 8. Bc4 Bc5 9. Nf3 b6 10. Bxd5 exd5 11. Nc3 Bb7 12. Qe2 0-0 13. Bd2 Nd7 14. 0-0-0 Rc8 15. h4 Qe7 16. Rde1 Rfe8 17. Bf4 a6 18. Qd3 Bb4 19. Ng5 g6 20. h5 Bxc3 21. bxc3 Qa3+ 22. Kd1 Rxc3 23. Qd4 Qb2 24. Qd2 Qb1+ 25. Ke2 Qb5+ 26. Kf2 d4 27. hxg6 fxg6 28. Rxh7 Qd5 29. Reh1 Qxg2+ 30. Ke1 Nxe5 31. Rh8+ Kg7 32. R1h7+ Kf6 33. Bxe5+ Rxe5+ 0-1

[Event "Wch Rapid"]
[Site "Riadh"]
[Date "2017.12.28"]
[Round "15"]
[White "Al Mahmood, Salman"]
[Black "Al Saidi, Mohammed Khalfan"]
[Result "0-1"]
[WhiteElo "1593"]
[BlackElo "1468"]
[PlyCount "92"]
[EventDate "2017.12.26"]
[EventType "swiss (rapid)"]
[EventRounds "15"]
[EventCountry "SAU"]
[SourceTitle "CBM 182 Extra"]
[Source "ChessBase"]
[SourceDate "2018.02.23"]
[SourceVersion "1"]
[SourceVersionDate "2018.02.23"]
[SourceQuality "1"]

1. e4 c5 2. Nf3 Nc6 3. d4 cxd4 4. Nxd4 Nf6 5. Nc3 e5 6. Nb3 Bb4 7. Bd3 d5 8. exd5 Nxd5 9. Bd2 Nxc3 10. bxc3 Be7 11. 0-0 0-0 12. Qe2 Bf6 13. Be3 b6 14. Rad1 Qc7 15. Nd2 g6 16. Bh6 Bg7 17. Bxg7 Kxg7 18. Ne4 f5 19. Ng5 h6 20. Nh3 Na5 21. Qe1 Bb7 22. f3 Rac8 23. c4 Rce8 24. Qc3 Kh7 25. Rfe1 Qc5+ 26. Kh1 Re7 27. Bf1 Bc6 28. Rd2 Nb7 29. Rde2 Rfe8 30. Re3 Nd6 31. f4 Ne4 32. Qd3 Rd7 33. Qb3 Rd2 34. fxe5 Qxe5 35. Bd3 Qh8 36. Qb4 Nf2+ 37. Nxf2 Rxf2 38. Re7+ Rxe7 39. Qxe7+ Qg7 40. Qxg7+ Kxg7 41. Re7+ Kf6 42. Rxa7 Ke5 43. Re7+ Kd6 44. Rg7 Rxg2 45. Rf7 Rg4+ 46. Be4 Bxe4# 0-1

[Event "Wch Rapid"]
[Site "Riadh"]
[Date "2017.12.27"]
[Round "8"]
[White "Al Omary, Ahmed"]
[Black "Al Mahmood, Salman"]
[Result "0-1"]
[WhiteElo "1875"]
[BlackElo "1593"]
[PlyCount "111"]
[EventDate "2017.12.26"]
[EventType "swiss (rapid)"]
[EventRounds "15"]
[EventCountry "SAU"]
[SourceTitle "CBM 182 Extra"]
[Source "ChessBase"]
[SourceDate "2018.02.23"]
[SourceVersion "1"]
[SourceVersionDate "2018.02.23"]
[SourceQuality "1"]

1. d4 Nf6 2. c4 e6 3. Nc3 Bb4 4. Bd2 c5 5. e3 d6 6. Nf3 0-0 7. Qc2 Nbd7 8. Bd3 Re8 9. Ng5 h6 10. Nge4 cxd4 11. exd4 d5 12. Ng3 dxc4 13. Bxc4 Nb6 14. Bb5 Bd7 15. Bd3 Bc6 16. 0-0 Qxd4 17. Rad1 Qd7 18. Bxh6 gxh6 19. Bh7+ Nxh7 20. Rxd7 Nxd7 21. Nce4 Rac8 22. Qe2 Ndf6 23. a3 Bf8 24. b4 a6 25. Qe3 Red8 26. h3 Bg7 27. Nc5 Nd5 28. Qe1 Nf4 29. f3 Nd3 30. Nxd3 Rxd3 31. Qc1 Rc3 32. Qd2 Bb5 33. Rd1 Rd3 34. Qxd3 Bxd3 35. Rxd3 Rc1+ 36. Kf2 Rc2+ 37. Ne2 Nf6 38. Ke1 Nd5 39. Kd1 Rxe2 40. Rxd5 exd5 41. Kxe2 Kf8 42. Kd3 Ke7 43. a4 Kd6 44. f4 h5 45. g4 hxg4 46. hxg4 Bf8 47. Kd4 Bg7+ 48. Kd3 Ke6 49. b5 axb5 50. axb5 Kd6 51. g5 Kc5 52. f5 Kxb5 53. f6 Bf8 54. Kd4 Kc6 55. Ke5 b5 56. Kd4 0-1

[Event "Wch Rapid"]
[Site "Riadh"]
[Date "2017.12.26"]
[Round "5"]
[White "Al Abdali, Zeyad Saleh"]
[Black "Al Mahmood, Salman"]
[Result "1-0"]
[WhiteElo "1801"]
[BlackElo "1593"]
[PlyCount "61"]
[EventDate "2017.12.26"]
[EventType "swiss (rapid)"]
[EventRounds "15"]
[EventCountry "SAU"]
[SourceTitle "CBM 182 Extra"]
[Source "ChessBase"]
[SourceDate "2018.02.23"]
[SourceVersion "1"]
[SourceVersionDate "2018.02.23"]
[SourceQuality "1"]

1. d4 Nf6 2. Nf3 e6 3. Bg5 Be7 4. Nc3 b6 5. e4 Bb7 6. Bd3 0-0 7. Qe2 d6 8. Rd1 Nbd7 9. 0-0 Re8 10. e5 dxe5 11. Nxe5 Nxe5 12. dxe5 Nd5 13. Nxd5 exd5 14. Bc1 Bf8 15. f4 g6 16. f5 Bg7 17. e6 fxe6 18. fxg6 h6 19. Qh5 d4 20. Bxh6 Qd5 21. Qxd5 Bxd5 22. Bxg7 Kxg7 23. Rf7+ Kg8 24. Rdf1 c5 25. b3 e5 26. Bb5 Rf8 27. Re7 Rxf1+ 28. Kxf1 Rf8+ 29. Ke2 Bxg2 30. Bc4+ Kh8 31. Rh7# 1-0